000 00534nam a2200217Ia 4500
003 OSt
005 20220928135448.0
006 a|||||r|||| 00| 0
007 ta
008 220927b |||||||| |||| 00| 0 eng d
024 _a2311
037 _cTextual
040 _aSDCL
_cSDCL
_beng
041 _2eng
_aeng
082 _aO-,1H40:g, L4
100 _aNorton-Smith John
_9490785
245 0 _aGeoffrey Chaucer
260 _c1974
942 _hO-,1H40:g, L4
_cTEXL
_2CC
999 _c806122
_d806122